| 000 | 00364nam a22001457a 4500 | ||
|---|---|---|---|
| 003 | SGT | ||
| 082 |
_a617.645 _bC21N |
||
| 100 | _aDala, Rashmi | ||
| 245 | _aThe success rate of Curcumin as obturating.... | ||
| 260 |
_aGurugram, Haryana _bSGT University _c2021 |
||
| 300 | _a85 | ||
| 650 | _aPediatric Dentistry | ||
| 653 | _aPediatric Dentistry | ||
| 942 |
_2ddc _cTH |
||
| 999 |
_c23596 _d23596 |
||